zpět

Detail výsledku týmu

Metro Music Pub, Most

Datum a čas kvízu

21.5 Celkem bodů Celkový počet nahraných bodů na tomto kvízu bez doplňovacích otázek.
5. Pořadí na kvízu Konečné umístění týmu na tomto kvízu.

Zaznamenané odpovědi

# Otázka Odpověď Body Výsledky
1. Podnikatel tuniského původu Fe... 0
2. Slovenský prezident Kiska vyzn... 0.5
3. Akce, kdy agenti Státní bezpeč... 0
4. Americký výrobce elektromobilů... 0
5. Soupeřkami českých volejbalist... 1
6. Mezinárodní vesmírná stanice (... 0.5
7. V předchozí otázce bylo řečeno... 0
8. Standardní denní program posád... 1
9. Jak se jmenuje ruská kosmická... 1
10. První espresso kávovar, určený... 0